Harry Potter Groups of Things - Statistics

General Stats
  • This quiz has been taken 161 times
  • The average score is 16 of 23
Answer Stats
Hint Answer % Correct
Horcruxes Harry Potter
96%
Hufflepuff
95%
Ravenclaw
95%
Slytherin
95%
Houses Gryffindor
94%
Nagini
93%
Riddles Diary
93%
Ravenclaws Diadem
89%
Ministers of Magic Cornelius Fudge
88%
Hufflepuffs Cup
87%
Slytherins Locket
87%
Gaunts Ring
85%
Deathly Hallows Elder Wand
84%
Resurrection Stone
75%
Invisibility Cloak
74%
Rufus Scrimgeour
55%
Pius Thicknesse
48%
Rooms in the Department of Mysteries Hall of Prophecies
31%
Brain Room
24%
Time Room
21%
Death Chamber
20%
Locked Room
16%
Space Room
11%
No matching quizzes found
Score Distribution
Percent of People with Each Score
Percentile by Number Answered
Your Score History
You have not taken this quiz